[Event "Vecindario Montalvo Memorial 17th"]
[Site "Vecindario"]
[Date "2025.04.17"]
[Round "6"]
[White "Bangiev, Katharina"]
[Black "Valido Ramos, Adrian"]
[Result "1/2-1/2"]
[WhiteElo "1848"]
[BlackElo "1667"]
[PlyCount "132"]
[EventDate "2025.04.12"]
[EventType "swiss"]
[EventRounds "9"]
[EventCountry "ESP"]
[SourceTitle "CB17_2025"]
[SourceDate "2025.04.23"]
[SourceVersion "1"]
[SourceVersionDate "2025.04.23"]
[SourceQuality "1"]

1. e4 c6 2. d4 d5 3. Nc3 dxe4 4. Nxe4 Nf6 5. Nxf6+ exf6 6. c3 Bd6 7. Bd3 0-0 8. Qc2 Re8+ 9. Ne2 h5 10. 0-0 h4 11. h3 Nd7 12. Be3 Nf8 13. c4 Bc7 14. b4 Qd6 15. Bf4 Rxe2 16. Bxd6 Rxc2 17. Bxc7 Rc3 18. Rad1 Ne6 19. Bd6 Nxd4 20. Bh7+ Kxh7 21. Rxd4 g5 22. Be7 Kg6 23. f4 Re3 24. Bd8 Bf5 25. c5 Re4 26. Rd6 Re6 27. Rd2 Rb8 28. a4 b6 29. cxb6 axb6 30. a5 bxa5 31. bxa5 c5 32. fxg5 fxg5 33. Rd5 Be4 34. Rxg5+ Kh6 35. Bc7 Kxg5 36. Bxb8 f5 37. Bf4+ Kg6 38. Ra1 Ba8 39. Kf2 Re4 40. Be3 Rc4 41. Rc1 Rxc1 42. Bxc1 Bb7 43. g3 Kh5 44. Bf4 c4 45. Be5 Kg5 46. Bf4+ Kh5 47. Bd2 Bc8 48. Kf3 hxg3 49. Kxg3 f4+ 50. Bxf4 Bb7 51. Bd2 Bc8 52. Be1 Bb7 53. h4 Bc8 54. Kf3 c3 55. Ke3 c2 56. Kd2 Bf5 57. a6 Be4 58. a7 Kh6 59. Kc1 Kh5 60. Kb2 Kg4 61. Bf2 Kh5 62. Bg3 Kg4 63. Kc1 Kh5 64. Kd2 Kg4 65. Kc1 Kh5 66. Bf2 Kg4 1/2-1/2